| 000 | 00590nam a2200121Ia 4500 | ||
|---|---|---|---|
| 008 | 220620s9999||||xx |||||||||||||| ||und|| | ||
| 100 | _aCorey, Kenneth E.||Wilson, Mark | ||
| 245 | 0 | _aUrban and Regional Technology Planning | |
| 546 | _aEnglish[eng] | ||
| 650 | _aglobal||knowledge||economy||relational||concepts||network||society||alert||model||digital | ||
| 856 | _uhttps://library.oapen.org/bitstream/20.500.12657/24061/1/1006071.pdf||https://library.oapen.org/bitstream/20.500.12657/24061/1/1006071.pdf||https://library.oapen.org/bitstream/20.500.12657/24061/1/1006071.pdf | ||
| 942 | _cEB | ||
| 999 |
_c34515 _d34515 |
||